[Event "Omsk Half op"]
[Site "Omsk"]
[Date "2014.12.12"]
[Round "5"]
[White "Skokov, Boris"]
[Black "Zuevich, Vladimir"]
[Result "1/2-1/2"]
[WhiteElo "1985"]
[BlackElo "1930"]
[PlyCount "30"]
[EventDate "2014.12.03"]
[EventType "swiss"]
[EventRounds "9"]
[EventCountry "RUS"]
[SourceTitle "EXT 2023"]
[Source "ChessBase"]
[SourceDate "2022.10.05"]
[SourceVersion "1"]
[SourceVersionDate "2022.10.05"]
[SourceQuality "1"]

1. e4 e6 2. d4 d5 3. Nc3 Nf6 4. Bg5 Be7 5. e5 Nfd7 6. h4 Bxg5 7. hxg5 Qxg5 8. Nh3 Qh6 9. g3 f5 10. Bg2 Qg6 11. Bf3 Qf7 12. Ng5 Qg8 13. Qe2 c6 14. 0-0-0 h6 15. Nh3 Na6 1/2-1/2